LIBRARY & INFORMATION CENTRE, KCAET, TAVANUR

ONLINE PUBLIC ACCESS CATALOGUE (OPAC)

Way to communal harmony (Record no. 252)

MARC details
000 -LEADER
fixed length control field 00346cam a2200157ua 4500
041 ## - LANGUAGE CODE
Language code of text/sound track or separate title eng
082 ## - DEWEY DECIMAL CLASSIFICATION NUMBER
Classification number 320.58
Item number GAN/WA
100 ## - MAIN ENTRY--AUTHOR NAME
Personal name Gandhi, M K .
245 ## - TITLE STATEMENT
Title Way to communal harmony
250 ## - EDITION STATEMENT
Edition statement 1 /
260 ## - PUBLICATION, DISTRIBUTION, ETC. (IMPRINT)
Place of publication :
Name of publisher Navajeevan puplishing house ,
Year of publication 1963.
300 ## - PHYSICAL DESCRIPTION
Number of Pages 522 ; .
942 ## - ADDED ENTRY ELEMENTS (KOHA)
Koha item type Books
Holdings
Withdrawn status Lost status Damaged status Home library Current library Date acquired Full call number Accession Number Koha item type
Withdrawn     KAUAET KAUAET 07/04/2012 320.58 2280 Books
free website counter